|
|
|
|
| LEADER |
00000nam a2200000 a 4500 |
| 001 |
UCH1230 |
| 003 |
CL-VaPUC |
| 008 |
090416e19330000FR |||||||||||||||||fre|d |
| 082 |
0 |
4 |
|a 530.124
|b SCH
|2 21
|
| 100 |
0 |
|
|a Schrödinger, Erwin
|e author
|9 535634
|
| 245 |
1 |
0 |
|a Mémoires sur la mécanique ondulatoire
|
| 300 |
|
|
|a 232 p
|
| 942 |
|
|
|c BK
|
| 945 |
|
|
|d 20090416 00:00:00
|a rbrito
|
| 260 |
|
|
|a París
|b Alcan
|c 1933
|
| 650 |
|
7 |
|a MECANICA ONDULATORIA
|2 CL-VaPUC
|9 270490
|
| 583 |
|
|
|a last modification
|c 20090416 00:00:00
|k Rodrigo Vera
|
| 999 |
|
|
|c 333291
|d 333289
|
| 952 |
|
|
|0 0
|1 0
|4 0
|6 530_124000000000000_SCH_1933
|7 0
|8 A
|9 421619
|a BIBCUR
|b BIBCUR
|d 2019-11-22
|i 4529030
|o 530.124 SCH 1933
|p 4529030
|r 2025-04-22
|w 2019-11-22
|y BK
|k FIS
|